000
00283nam a22001217a 4500
082
_a
423
_b
CHI
245
_a
Chinese-English Dictionary of Scientific and Technical Terms /
260
_c
1985.
300
_a
1001p
563
_a
HB
650
_a
Dictionary
_9
119735
942
_2
ddc
_c
BK
999
_c
614421
_d
614421